|
|
|
|
| LEADER |
02360nam a2200481 i 4500 |
| 001 |
nkc20203215370 |
| 003 |
CZ PrNK |
| 005 |
20200717104358.0 |
| 007 |
ta |
| 008 |
200415s2020 xr g 000 f cze |
| 015 |
|
|
|a cnb003215370
|
| 020 |
|
|
|a 978-80-7473-954-5
|q (vázáno) :
|c Kč 299,00
|
| 035 |
|
|
|a (OCoLC)1200256990
|
| 040 |
|
|
|a ABG001
|b cze
|d ABA001
|e rda
|
| 041 |
1 |
|
|a cze
|h ita
|
| 072 |
|
7 |
|a 821.131.1-3
|x Italská próza
|2 Konspekt
|9 25
|
| 080 |
|
|
|a 821.131.1-31
|2 MRF
|
| 080 |
|
|
|a (0:82-312.4)
|2 MRF
|
| 100 |
1 |
|
|a Roversi, Paolo,
|d 1975-
|7 xx0247067
|4 aut
|
| 240 |
1 |
0 |
|a Addicted.
|l Česky
|
| 245 |
1 |
0 |
|a Závislost /
|c Paolo Roversi ; přeložila Tereza Sieglová
|
| 250 |
|
|
|a Vydání první
|
| 264 |
|
1 |
|a Praha :
|b Kniha Zlin,
|c 2020
|
| 300 |
|
|
|a 198 stran ;
|c 21 cm
|
| 336 |
|
|
|a text
|b txt
|2 rdacontent
|
| 337 |
|
|
|a bez média
|b n
|2 rdamedia
|
| 338 |
|
|
|a svazek
|b nc
|2 rdacarrier
|
| 490 |
1 |
|
|a Thrill ;
|v svazek 31
|
| 500 |
|
|
|a Přeloženo z italštiny
|
| 520 |
2 |
|
|a Děj thrilleru se odvíjí ve dvou liniích. V jedné se v Německu v roce 1994 řeší záhadná vražda, v druhé linii, o pětadvacet let později, anglická psychiatrička otvírá v Itálii luxusní zařízení pro léčbu závislostí. Obě linie se pak zajímavě propojí.
|b Rebecca Starková je londýnská psychiatrička specializující se na léčení nejrůznějších závislostí. Metoda Stark je tak účinná, že ji ruský magnát a někdejší pacient Gregorij Ivanov pověří vybudováním a vedením kliniky. Na odlehlou usedlost na jihu Itálie přijíždí prvních sedm kandidátů. Na začátku terapie vypadá vše ideálně. Pak ale několik pacientů záhadně zmizí. Ve chvíli, kdy obyvatele uvězní přívalový déšť, začíná hrůzostrašná a krvavá hra... Nakladatelská anotace.
|
| 655 |
|
7 |
|a italské romány
|7 fd132481
|2 czenas
|
| 655 |
|
7 |
|a thrillery (romány)
|7 fd184206
|2 czenas
|
| 655 |
|
9 |
|a Italian fiction
|2 eczenas
|
| 655 |
|
9 |
|a thrillers (novels)
|2 eczenas
|
| 700 |
1 |
|
|a Sieglová, Tereza,
|d 1979-
|7 mzk2009502379
|4 trl
|
| 830 |
|
0 |
|a Thrill
|0 s
|
| 910 |
2 |
|
|a BOA001
|b 2-1449.353
|
| 920 |
|
|
|a 4530834
|z ABG001
|
| 928 |
9 |
|
|a Albatros Media - Kniha Zlin
|
| 990 |
|
|
|a BK
|
| 995 |
|
|
|a 01
|
| 991 |
|
|
|b 202006
|c NOV
|
| 996 |
6 |
|
|b 2610827764
|c 2-1449.353
|l MZK
|r Sklad / do 1 hodiny
|n 1
|p p.v.
|w 001809866
|u 000010
|a 1
|e BOA001
|j MZK50
|s P
|